Realizácia dovozného obchodného prípadu slovenskou spoločnosťou diplomová práca

Gespeichert in:
Bibliographische Detailangaben
1. Verfasser: Vozniuk, Ivan
Körperschaft: Obchodná fakulta EU. Katedra medzinárodného obchodu
Weitere Verfasser: Ružeková, Viera, 1957-
Format: Buch
Sprache:Slowakisch
Veröffentlicht: Bratislava 2024
Tags: Tag hinzufügen
Keine Tags, Fügen Sie das erste Tag hinzu!

MARC

LEADER 00000nbm a2200000 4500
001 0304083
005 20250113102355.8
041 0 |a slo 
044 |a SK 
245 1 0 |a Realizácia dovozného obchodného prípadu slovenskou spoločnosťou  |b diplomová práca  |c Ivan Vozniuk ; školiteľ: Viera Ružeková 
264 1 |a Bratislava  |c 2024 
300 |a 72 s. 
100 1 |a Vozniuk, Ivan 
700 1 |a Ružeková, Viera, 1957- 
710 2 |a Obchodná fakulta EU. Katedra medzinárodného obchodu